000 00663nam a2200181Ia 4500
003 GCL
008 140319s9999 xx 000 0 ara d
040 _aGCL /
_cGCL
082 0 4 _a896.2
_bف ن
100 1 _aفوجارد، ايثول
245 1 0 _aنصوص من المسرح الافريقى /
_cفوجارد، ايثول
260 _aالقاهرة :
_bوزارة الثقافة - مهرجان القاهرة الدولى للمسرح التجريبى ،
_c2004
300 _a479 ص ؛
_c24 سم
650 0 4 _aالادب الاغريقى
650 0 4 _aالمسرحيات - مجموعات
650 0 4 _aالمسرحيات - افريقيا
942 _2ddc
_cBK
999 _c7182
_d7182